00714 2200277 4500001002100000005001700021008004100038020002200079035002400101041000800125043001300133082001100146090002000157245002300177250001000200260003100210300002400241534003100265650002500296700002000321700001800341700002000359700001800379850001200397999002700409YOGYA-0711000000097220110720082505.0 ind  a978-979-21-2676-2 0010-071100000000972 aInd aYOPD DIY a028.55 aDEP 028.55bSto aStopwatch Franklin aCet 1 aYogyakartabKanisiusc2011 a32 hlmbilusc23 cm tFranklin And The Stopwatch aBacaan Kanak - Kanak aMelntyre, Sasha aJeffery, Sean aFlora, Maharani aSisic, Jalena aYOPDYOG aCB - D.11 - 2011 - 621